Hotter Than Hell - Dua Lipa (All Lyrics) - Statistics

General Stats
  • This quiz has been taken 315 times
  • The average score is 252 of 349
Answer Stats
Answer % Correct
He
99%
he
99%
hot
98%
hot
97%
than
97%
hell.
96%
Hotter
96%
I
96%
than
96%
you.
96%
I
95%
the
95%
You
95%
you
95%
you.
95%
you
94%
You
94%
me
91%
me.
91%
me
90%
your
90%
your
89%
it
87%
it.
87%
I'm
86%
it
86%
I'm
85%
to
85%
in.
83%
in
83%
to
83%
make
82%
like
81%
make
81%
like
80%
Can
77%
can
77%
so
77%
feel
76%
so
76%
calls
75%
you're
75%
You're
75%
no.
74%
you're
74%
Cause
73%
devil.
73%
him
73%
my
73%
that
73%
And
72%
Cause
72%
that
72%
Yeah.
72%
go
71%
let
71%
wanna
71%
there?
70%
there,
70%
there.
70%
be
69%
It's
69%
it's
69%
sin.
69%
when
69%
When
69%
Every
68%
I'll
68%
When
68%
I'll
67%
of
67%
We
67%
for
66%
not
66%
Not
66%
we
66%
by
65%
from.
65%
from
65%
give
65%
not
65%
time
65%
we
65%
We
65%
alcohol.
64%
by
64%
give
64%
coming
63%
get
62%
get.
62%
yourself,
62%
some
60%
sweet
60%
answer
59%
but
59%
But
59%
down
59%
real.
59%
Where
59%
With
59%
with
59%
am
58%
down
58%
am
57%
answer
57%
burn
57%
heaven.
57%
burn
56%
giving
56%
heaven.
56%
knock,
56%
prayers?
56%
prayers?
55%
can't
54%
kiss
54%
makes
54%
neck.
54%
As
53%
know
52%
side
52%
we're
52%
hands
51%
homesick
51%
pleasure
51%
we're
51%
around
50%
Does
49%
goes
49%
all
48%
numb.
48%
right
48%
warmth?
48%
right
47%
darker
46%
Must
46%
here
43%
head.
41%
help
41%
gets.
40%
probably
40%
touch
40%
boy.
38%
gotta
37%
realest
37%
Baby
36%
should
33%
wanted.
32%
gonna
31%
just
31%
free
30%
take
30%
finished
28%
still
28%
walk
28%
yet,
28%
adore
27%
fed.
26%
ain't
25%
manna
22%
praise
21%
kneel.
19%
lay
16%
No matching quizzes found
Score Distribution
Percent of People with Each Score
Percentile by Number Answered
Your Score History
You have not taken this quiz